000 00347nam a2200133Ia 4500
008 240624s9999 xx 000 0 und d
041 _aeng
082 _a332.632042 FUS
100 _aFUSAI GIANLUCA
245 _aIMPLEMENTING MODELS IN QUANTITATIVE FINA
260 _c2008
_aNewyork
_bSpringer
300 _axxiii,607p. ; 23cm.
365 _cERU
_b26
999 _c20697
_d20697